000 01568cam a2200337 a 4500
001 180432
003 ARRUPE
005 20151029115515.0
008 981013s1998 oncb b 001 0beng
010 _a 98208816
020 _a0802082025 (pbk : acidfree paper)
040 _aDLC
_cDLC
_dDLC
041 1 _aeng
_hlat
043 _ae-uk-en
050 0 0 _aBX4700.C567
_bL53 1998
082 0 0 _a271/.9
_aB
_222
245 0 4 _aThe life of Christina of Markyate :
_ba twelfth century recluse /
_cedited and translated by C.H. Talbot.
260 _aToronto ;
_aBuffalo :
_bPublished by University of Toronto Press in association with the Medieval Academy of America,
_cc1998.
300 _aix, 204 p. :
_bmap ;
_c23 cm.
490 0 _aMedieval Academy reprints for teaching ;
_v39
500 _aOriginally published: Oxford : Clarendon Press,1959. With revisions.
500 _a"One of several lives of saintly persons which have been added at the end of what is now the second volume of [the British Museum's] MS. Cotton Tiberius E. 1." -- Introd.
504 _aIncludes bibliographical references and indexes.
546 _aText in English and Latin.
600 0 0 _aChristina,
_cof Markyate, Saint,
_dapproximately 1096-
_920733
650 0 _aChristian women saints
_zEngland
_vBiography.
_920734
700 1 _aTalbot, C. H.
_q(Charles H.)
_920735
906 _a7
_bcbc
_corignew
_d3
_encip
_f20
_gy-gencatlg
942 _2lcc
_cMONOGRAPH
999 _c123679
_d123679